| 000 | 00793nam a2200253Ia 4500 | ||
|---|---|---|---|
| 003 | OSt | ||
| 005 | 20210520125248.0 | ||
| 008 | 191128s1959 mx fr 000 0 spa d | ||
| 040 |
_aCO-JMCR _cCO-JMCR |
||
| 041 | 0 | _aspa | |
| 082 | 0 | 4 |
_a335.412 / _bM392c _223 |
| 100 | 1 |
_aMarx, Carl, _eautor _96329 |
|
| 245 | 1 | 3 |
_aEl capital : _bcrítica de la economía política / _cCarl Marx Traducción de Wenceslao Roces |
| 250 | _aSegunda edición | ||
| 260 |
_aMéxico : _bFondo de Cultura Económica, _c1959 |
||
| 300 |
_a2 volúmenes ; _c21 cm. |
||
| 490 | 0 | _aSección de Obras de Economía | |
| 504 | _aBibliografía: páginas 753-769 | ||
| 546 | _aspa | ||
| 650 | 1 | 4 |
_aCapital _96330 |
| 650 | 1 | 4 |
_aTeoría economía _96331 |
| 700 | 1 |
_aRoces, Wenceslao, _etraductor _96231 |
|
| 942 |
_2ddc _cBK |
||
| 999 |
_c5740 _d5740 |
||